|
|
แสดงรายละเอียดบรรณานุกรม |
|
|
Brief Record
: Get Marc (ISO 2709)
: E-mail record
: |
| LEADER 00000nama 2200000uu 4500 | |||
| 008 040531s2532 th m m a000 0 tha d | |||
| 020 974-565-318-7 | |||
| 041 tha | |||
| 050 W84 ห459 2532 | |||
| 245 หัตถการพื้นฐานในการดูแลผู้ป่วย/ บรรณาธิการ,กำพล เลาหเพ็ญแสง,ท้องสิน ตระกูลทิวากร 001 | |||
| 250 2 | |||
| 260 กรุงเทพฯ หมอชาบ้าน 2532 | |||
| 300 182 หน้า | |||
| 650 ผู้ป่วย,การดูแล การแพทย์ วัสดุอุปกรณ์ชื่อเรื่อง | |||
| 998 1999-02-06 | |||
| คุณยังไม่ได้ล็อกอิน คุณสามารถมีกิจกรรมร่วมกับเว็บไซต์ได้ แต่ต้องล็อกอินก่อน :: |
|
| สถานะ | |||||||||
| 1. | หนังสือทั่วไป | W84 ห459 2532 | On Shelf ขอยืม | ||||||
| [แสดง 1/1 รายการ] | |||||||||
BibComment |
| คอมเมนท์ทรัพยากรรายการนี้ |
|
|